La banca española en la Restauración / (Record no. 6575)

MARC details
000 -LEADER
campo de control de longitud fija 01033nam a2200277 i 4500
001 - NÚMERO DE CONTROL
campo de control 6575
003 - IDENTIFICADOR DE NÚMERO DE CONTROL
campo de control ES-MaACL
005 - FECHA Y HORA DE LA ÚLTIMA TRANSACCIÓN
campo de control 20250630032851.0
007 - CAMPO FIJO DE DESCRIPCIÓN FÍSICA--INFORMACIÓN GENERAL
campo de control de longitud fija t|
008 - DATOS DE LONGITUD FIJA--INFORMACIÓN GENERAL
campo de control de longitud fija 900115s1974 sp |||| | spa d
020 ## - NÚMERO INTERNACIONAL ESTÁNDAR DEL LIBRO
Número Internacional Estándar del Libro 84-500-0296-6 (O.C.)
080 ## - NÚMERO DE LA CLASIFICACIÓN DECIMAL UNIVERSAL
Número de la Clasificación Decimal Universal 332(46)"1874/1902"
080 ## - NÚMERO DE LA CLASIFICACIÓN DECIMAL UNIVERSAL
Número de la Clasificación Decimal Universal 338(46)"1874/1902"
245 03 - MENCIÓN DEL TÍTULO
Título La banca española en la Restauración /
Mención de responsabilidad, etc. por Rafael Anes ... [et al.] ; dirigido por Gabriel Tortella Casares ; edición y revisión a cargo de Pedro Schwartz.
260 ## - PUBLICACIÓN, DISTRIBUCIÓN, ETC.
Lugar de publicación, distribución, etc. Madrid :
Nombre del editor, distribuidor, etc. Servicio de Estudios del Banco de España,
Fecha de publicación, distribución, etc. 1974.
300 ## - DESCRIPCIÓN FÍSICA
Extensión 2 v. ;
Dimensiones 24 cm.
505 8# - NOTA DE CONTENIDO CON FORMATO
Nota de contenido con formato Contiene: I ;
Título Políticas y finanzas - II ;
-- Datos para una historia económica
650 14 - PUNTO DE ACCESO ADICIONAL DE MATERIA--TÉRMINO DE MATERIA
Término de materia o nombre geográfico como elemento de entrada Bancos-
Subdivisión geográfica España-
Subdivisión cronológica S.XIX.
9 (RLIN) 10490
650 #4 - PUNTO DE ACCESO ADICIONAL DE MATERIA--TÉRMINO DE MATERIA
Término de materia o nombre geográfico como elemento de entrada Bancos-
Subdivisión geográfica España-
Subdivisión cronológica S.XX.
9 (RLIN) 167658
700 1# - ENTRADA AGREGADA--NOMBRE PERSONAL
Nombre de persona Anes Alvarez, Rafael.
9 (RLIN) 21690
700 1# - ENTRADA AGREGADA--NOMBRE PERSONAL
Nombre de persona Tortella Casares, Gabriel.
9 (RLIN) 111078
700 1# - ENTRADA AGREGADA--NOMBRE PERSONAL
Nombre de persona Schwartz, Pedro.
9 (RLIN) 104874
710 2# - ENTRADA AGREGADA--NOMBRE DE ENTIDAD CORPORATIVA
Nombre de entidad corporativa o nombre de jurisdicción como elemento de entrada Banco de España
9 (RLIN) 2104
852 ## - LOCALIZACIÓN
Ubicación ES-MaACL
Número de control de estantería L-13754-55
Holdings
Estatus retirado Estado de pérdida Estado de daño No para préstamo Biblioteca de origen Biblioteca actual Ubicación en estantería Fecha de adquisición Fuente de adquisición Total de préstamos Signatura topográfica completa Código de barras Visto por última vez Precio de reemplazo Tipo de ítem Koha
        Biblioteca del Ateneo de Madrid Biblioteca del Ateneo de Madrid Depósito 2 17/01/2008     L-13754-55 1006698 23/02/2023 23/02/2023 Libro impreso